[Event "5th Pontevedra Open 2017"]
[Site "Pontevedra"]
[Date "2017.08.08"]
[Round "1"]
[White "Burmakin, Vladimir"]
[Black "Martinez Fernandez, Adrian"]
[Result "1-0"]
[WhiteElo "2520"]
[BlackElo "2081"]
[Annotator "TA"]
[PlyCount "71"]
[EventDate "2017.??.??"]
[EventCountry "ESP"]
[SourceTitle "playchess.com"]
[Source "ChessBase"]
[SourceQuality "1"]

{[%evp 14,71,38,41,35,25,32,18,59,64,64,51,109,32,53,47,50,60,51,36,32,32,100,103,107,105,101,98,112,114,116,100,130,129,132,132,184,182,197,190,193,175,215,193,215,210,277,275,278,266,367,367,365,354,483,239,605,607,741,730]} 1. d4 Nf6 2. g3 d5 3. Nf3 e6 4. Bg2 Be7 5. c4 dxc4 6. Qa4+ Nbd7 7. Qxc4 O-O 8. O-O {LiveBook: 61 Games} c5 {E02: Open Catalan: 5 Qa4+} (8... a6 9. Qc2 c5 10. Nc3 cxd4 11. Nxd4 Qa5 12. h3 Ne5 13. Ne4 Rd8 14. Nb3 Qa4 15. Bg5 Qc4 16. Rac1 Qxc2 17. Rxc2 Bd7 18. Nec5 Rac8 19. Bxb7 Rc7 20. Bxa6 Ra8 21. Rfc1 Nc6 22. Nxd7 Rxa6 23. Ne5 {1-0 (23) Fridman,D (2596)-Llobel Cortell,E (2399) Tallinn 2016}) 9. Qc2 cxd4 10. Nxd4 Bc5 $146 {The position is equal.} ({Predecessor:} 10... Qb6 11. Rd1 Nc5 12. Nc3 Bd7 13. e4 Ng4 14. Qe2 Ne5 15. Be3 {1-0 (58) Espig,L (2470)-Herrera,I (2295) Holguin 1989}) 11. Nb3 Bb6 12. Nc3 Nc5 (12... Qc7 $14) 13. Bg5 (13. Nxc5 $16 Bxc5 14. Bg5) 13... Nxb3 $14 14. Qxb3 h6 15. Rad1 Qe7 16. Bxf6 Qxf6 17. Na4 $36 {[%mdl 2048] White is more active.} e5 ({Black should play} 17... Bc7 $14) 18. Nxb6 $16 Qxb6 19. Qxb6 axb6 20. a3 Be6 21. Bxb7 Rad8 22. Ba6 f5 23. f3 Bb3 24. Rd3 Bc2 (24... Rxd3 $16 {was necessary.} 25. Bxd3 Bd5 26. Bxf5 Rxf5) 25. Rc3 $18 Rd2 26. Rc1 Ba4 27. b3 Be8 28. Re3 e4 29. fxe4 f4 30. gxf4 Rxf4 31. Rc8 Rg4+ 32. Kf2 Kf7 33. Rb8 Rg6 34. Rb7+ (34. e5 $142) 34... Kg8 $2 {[#]} (34... Rd7 35. Rb8 Ra7) 35. Bc4+ Kh7 36. Rb8 {Precision: White = 77%, Black = 36%.} 1-0

[Event "5th Pontevedra Open 2017"]
[Site "Pontevedra"]
[Date "2017.08.08"]
[Round "1"]
[White "Strikovic, Aleksa"]
[Black "Cinza Lopez, Javier"]
[Result "0-1"]
[WhiteElo "2500"]
[BlackElo "2048"]
[Annotator "TA"]
[PlyCount "122"]
[EventDate "2017.??.??"]
[EventCountry "ESP"]
[SourceTitle "playchess.com"]
[Source "ChessBase"]
[SourceQuality "1"]

{[%evp 12,122,22,0,0,-4,-2,-3,22,18,9,28,50,43,70,43,41,40,40,40,50,40,80,61,68,64,77,70,83,78,100,68,97,83,61,82,83,70,75,80,57,76,68,68,89,81,85,102,90,66,83,94,100,-79,-72,-336,-333,-329,-324,-318,-244,-354,-323,-522,-492,-587,-600,-552,-453,-566,-549,-496,-493,-493,-496,-497,-475,-783,-785,-663,-489,-488,-488,-487,-474,-474,-478,-453,-460,-492,-477,-526,-519,-573,-570,-568,-559,-552,-511,-560,-560,-560,-544,-29968,-29969,-29967,-29964,-29938,-5539,-29981,-29981,-29970,-12229]} 1. Nf3 d5 2. g3 Nf6 3. Bg2 c6 4. O-O Bf5 5. d3 Nbd7 6. Nbd2 e5 7. Re1 (7. e4 $5 dxe4 8. Nxe4 $11) 7... Bc5 {White must now prevent ...Bxf2+! A07: Réti Opening: New York and Capablanca Systems} (7... Be7 8. e4 dxe4 9. dxe4 Bg4 10. h3 Bh5 11. b3 O-O 12. Bb2 Qc7 13. Qc1 Rfe8 14. Bc3 b5 15. a4 {1-0 (36) Martynov,R (2310)-Tleptsok,R (2187) Moscow 2017}) 8. e4 dxe4 9. dxe4 Bg6 {The position is equal.} (9... Be6 $5 {[%cal Rf6g4]}) 10. Nh4 Bh5 11. Bf3 $146 ({Predecessor:} 11. Ndf3 Ng4 12. Rf1 Qb6 13. Qe2 O-O-O 14. h3 Nh6 15. c3 {1-0 (82) Muhtarov,L (2013)-Evsyukov,A (1909) Voronezh 2016}) 11... Bg6 12. Nc4 Qc7 13. Bd2 (13. a4 {seems wilder.} O-O 14. Qe2 a5 15. Bd2 Rfd8 16. Red1) 13... O-O 14. b4 Be7 15. a4 {[%cal Ba2a4,Ba4a5][%mdl 32]} Rfd8 16. Qe2 Bf8 17. c3 a6 18. a5 c5 19. Rec1 Rac8 20. Nxg6 hxg6 21. Be3 Qb8 22. Rcb1 cxb4 23. cxb4 Rc6 24. b5 axb5 25. Rxb5 {aiming for a6!} Qc7 26. Nb6 Rc2 27. Qe1 Nc5 {[%cal Bd7c5,Bc5d3,Bd3b4][%mdl 32]} 28. Nd5 Nxd5 29. exd5 e4 30. Qd1 Rc3 $1 {[#]} 31. Be2 $1 Nd3 32. Bd4 $2 {[#]} (32. Rab1 $16 {stays on course.}) 32... Qc4 $1 $36 {[%csl LRb5,LRd4,LRd5][%cal Rc4d4][%mdl 2048] Black has strong initiative.} 33. Qa4 $2 {[%mdl 8192]} (33. Bxc3 $17 Qxb5 34. Bd4) 33... Rc1+ $19 34. Bf1 {[#]} Rxf1+ $1 {[%mdl 512]} 35. Kxf1 (35. Rxf1 Qxa4) 35... Nb4+ 36. Kg1 (36. Kg2 $142 Qxd4 37. Rb1) 36... Qxd4 37. Rd1 $2 (37. Re1 {was worth a try.}) 37... Qc3 38. Qa1 Qf3 39. Qd4 Nd3 40. Rf1 Rc8 41. Qe3 {intending Qxf3.} Qf5 42. Qe2 Qd7 43. Rfb1 Bc5 44. Qxe4 (44. Rxc5 $142 Rxc5 45. a6 bxa6 46. Qxe4 Qxd5 47. Rb8+ Kh7 48. Qxd5 Rxd5 49. h4) 44... Nxf2 45. Qf3 Ne4+ 46. Kg2 Nd2 (46... Ng5 $2 47. Qd3 $19) 47. Rxb7 Qxb7 48. Rxb7 Nxf3 49. Kxf3 {[%mdl 4096] Endgame White hopes to continue with a6. KRB-KR} Ra8 50. Rb5 Bd6 51. Ke4 Kf8 52. Kd4 Ke8 53. Kc4 Kd7 54. Kb3 Rb8 55. Ka4 g5 56. a6 {If only White now had time for a7....} Kc7 57. Rxb8 Kxb8 58. Kb5 f5 {[%cal Bf7f5,Bf5f4][%mdl 32]} 59. Kc6 Be5 (59... f4 $142 60. Kxd6 f3 61. Ke5 f2 62. Kf5 f1=Q+ 63. Kxg5 Qxa6 64. Kf5 Qf6+ 65. Ke4 Kc7 66. Kd3 Qf2 67. Ke4 Kd6 68. g4 Qxh2 69. Ke3 g5 70. Ke4 Qf2 71. Kd3 Kxd5 72. Kc3 Qd4+ 73. Kb3 Qd2 74. Ka4 Qb2 75. Ka5 Kc5 76. Ka6 Qb6#) 60. Kd7 f4 61. Ke6 Bc7 {Precision: White = 50%, Black = 79%.} (61... Bf6 $142 62. gxf4 gxf4 63. h3 f3 64. h4 Bxh4 65. Kf5 f2 66. a7+ Kxa7 67. Ke6 f1=Q 68. Ke5 Kb6 69. d6 Kc5 70. Ke6 Qf6+ 71. Kd7 Qxd6+ 72. Kc8 Qb6 73. Kd7 Qc6#) 0-1

[Event "5th Pontevedra Open 2017"]
[Site "Pontevedra"]
[Date "2017.08.08"]
[Round "1"]
[White "Oratovsky, Michael"]
[Black "Estefano Rivola, Fernando"]
[Result "1-0"]
[WhiteElo "2494"]
[BlackElo "2041"]
[Annotator "TA"]
[PlyCount "47"]
[EventDate "2017.??.??"]
[EventCountry "ESP"]
[SourceTitle "playchess.com"]
[Source "ChessBase"]
[SourceQuality "1"]

{[%evp 9,47,-27,39,29,37,24,43,36,44,43,43,37,44,45,38,29,52,39,50,57,54,39,83,92,98,79,149,116,367,139,529,99,110,100,219,215,220,222,775,773]} 1. e4 c5 2. Nf3 e6 3. g3 Nf6 (3... Nc6 4. Bg2 d5 5. exd5 exd5 6. O-O Nf6 7. d4 Be7 8. dxc5 O-O 9. Nbd2 Bxc5 10. Nb3 Bb6 11. c3 Ne4 12. Be3 Bxe3 13. fxe3 {½-½ (50) Tomashevsky,E (2716)-Najer,E (2679) Doha 2016}) 4. Bg2 d6 5. O-O Nc6 ({Black should play} 5... Nxe4 $11 6. Re1 Nf6) 6. Re1 {B40: Sicilian: 2...e6, Unusual lines} Be7 7. d4 cxd4 8. Nxd4 {White is slightly better.} Bd7 9. c4 O-O 10. Nc3 a6 11. Nxc6 $146 ({Find the theoretical novelty and annotate with similar games:} 11. b3 Rc8 12. Bb2 Qa5 13. Nxc6 Bxc6 {½-½ (20) Spasov,V (2544)-Radovanovic,N (2415) Kragujevac 2015}) 11... Bxc6 12. a4 Qc7 13. a5 b6 14. axb6 Qxb6 {[#]} 15. Nd5 $1 {[%mdl 512]} Bxd5 (15... exd5 16. exd5) 16. exd5 e5 17. Qc2 Rac8 (17... Rab8 $142) 18. Be3 Qb5 $2 {[%mdl 8192] [#]} (18... Qb4 $16) 19. Rec1 $2 (19. cxb5 $18 {and the rest is easy.} Rxc2 20. bxa6) 19... Ng4 $2 {[%mdl 8192]} (19... Qb7 $16 {is tougher.} 20. c5 Ng4) 20. Bd2 $2 (20. cxb5 $18 Rxc2 21. Rxc2 Nxe3 22. fxe3 axb5 23. Rc7) 20... Qb6 $16 21. Ba5 $36 {[%mdl 2048] Black is under strong pressure.} Qd4 (21... Qa7 $16 {was worth a try.}) 22. h3 $18 Nh6 23. Bd2 f5 $2 (23... Rxc4 24. Qxc4 Qxd2) 24. Be3 {Precision: White = 58%, Black = 23%.} 1-0

[Event "5th Pontevedra Open 2017"]
[Site "Pontevedra"]
[Date "2017.08.08"]
[Round "1"]
[White "Firat, Burak"]
[Black "Leira Patricio, Julio"]
[Result "1-0"]
[WhiteElo "2482"]
[BlackElo "2035"]
[Annotator "TA"]
[PlyCount "75"]
[EventDate "2017.??.??"]
[EventCountry "ESP"]
[SourceTitle "playchess.com"]
[Source "ChessBase"]
[SourceQuality "1"]

{[%evp 14,75,41,30,34,34,36,2,32,23,39,24,37,19,47,-6,2,0,76,89,90,90,88,41,92,92,91,83,90,90,90,83,114,114,145,119,119,129,122,118,144,140,128,102,115,101,122,111,257,249,235,219,325,295,678,668,645,419,487,484,548,384,644,626]} 1. Nf3 Nf6 2. g3 g6 3. Bg2 Bg7 4. d4 O-O 5. O-O d6 6. a4 Nc6 7. a5 Rb8 {A49: 1 d4 Nf6 2 Nf3 g6 3 g3: Anti-King's Indian systems} (7... a6 8. d5 Nb4 9. e4 Nxe4 10. c3 Nxd5 11. Qxd5 Nc5 12. Qd1 e5 13. Bg5 Qe8 14. Nbd2 e4 15. Nd4 {1-0 (62) Kovalenko,I (2700)-Bachmann,A (2593) Berlin 2015}) 8. d5 {LiveBook: 4 Games} Nb4 9. c3 Na6 {White is slightly better.} 10. c4 $146 ({Predecessor:} 10. Nd4 Bg4 11. h3 Bd7 12. e4 Qc8 13. Kh2 c5 14. Nc2 c4 15. Be3 {½-½ (39) Turova,I (2394)-Bosboom,M (2455) Haarlem 2010}) 10... e5 11. Nc3 c5 12. Ne1 Nb4 13. Bd2 b6 14. Nb5 (14. axb6 $14 Qxb6 15. e4) 14... a6 $11 15. Na7 {Black must now prevent Bxb4.} Qc7 (15... Bb7 $11 {remains equal.}) 16. Nxc8 $16 Rfxc8 17. axb6 Rxb6 18. Bc3 Rcb8 (18... e4 $14) 19. e4 Qc8 20. Qe2 Ne8 21. Nf3 {[%cal Be1f3,Bf3g1,Bg1f3][%mdl 32]} R6b7 22. Kh1 Bf6 23. Ng1 Bd8 24. Bh3 Qc7 25. f4 Bf6 26. Nf3 $36 {[%mdl 2048] White has strong initiative.} a5 27. fxe5 dxe5 28. Rf2 Bg7 29. b3 h6 30. Qe3 f6 (30... Nd6 $16 31. Kg1 (31. Bxe5 Bxe5 32. Nxe5 Qe7 $16) (31. Nxe5 $2 Qe7 $19) 31... Re8) 31. Be6+ Kh7 32. h4 {[%cal Bh2h4,Bh4g5][%mdl 32]} Ra7 (32... Rb6 {was worth a try.} 33. g4 (33. Rxa5 Rxe6 34. Rxc5 Qa7 $16) 33... Rxe6) 33. g4 {[%cal Bg3g4,Bg4g5][%mdl 32]} Qe7 $2 {[#]} (33... Ra6 34. g5 Rxe6) 34. g5 $18 Nc7 35. Bh3 fxg5 36. hxg5 Rf8 37. Bg4 Ncxd5 $2 {[#]} (37... h5 38. Bxb4 Na6 39. Bxh5 (39. Rxa5 Nxb4 40. d6 Qb7 $16) (39. Bxa5 hxg4 40. Nh2 Rxf2 $18) (39. d6 Qxd6 40. Rd2 Qc6 $16) 39... Nxb4) 38. cxd5 {Precision: White = 48%, Black = 16%.} 1-0

[Event "5th Pontevedra Open 2017"]
[Site "Pontevedra"]
[Date "2017.08.08"]
[Round "1"]
[White "Porto Fuentes, Oscar"]
[Black "Yuffa, Daniil"]
[Result "0-1"]
[WhiteElo "2066"]
[BlackElo "2515"]
[Annotator "TA"]
[PlyCount "86"]
[EventDate "2017.??.??"]
[EventCountry "ESP"]
[SourceTitle "playchess.com"]
[Source "ChessBase"]
[SourceQuality "1"]

{[%evp 11,86,8,6,1,6,0,0,0,0,0,-9,-12,-16,-18,-2,-3,-7,-27,-27,-38,-28,-41,-26,-34,-31,-45,-39,-46,-35,-129,-129,-137,-136,-174,-180,-158,-95,-110,-91,-110,-97,-87,-100,-190,-188,-191,-164,-175,-163,-170,-138,-198,-198,-191,-173,-224,-199,-285,-182,-165,-158,-252,-244,-246,-242,-242,-239,-359,-351,-434,-232,-440,-437,-422,-385,-5235,-2702]} 1. d4 Nf6 2. Nf3 e6 3. e3 b6 4. Bd3 Bb7 5. O-O c5 6. Nbd2 Nc6 7. b3 {A47: 1 d4 Nf6 2 Nf3 b6: Torre, London and Colle Systems} (7. c3 d5 8. Re1 Be7 9. dxc5 bxc5 10. e4 Qc7 11. exd5 exd5 12. Nf1 O-O 13. Bg5 Rfe8 14. Ne3 d4 15. Nf5 dxc3 16. Nxe7+ Nxe7 17. Bxf6 gxf6 18. bxc3 {½-½ (44) Morovic Fernandez,I (2527)-Bachmann,A (2646) Buenos Aires 2017}) 7... Rc8 8. c4 cxd4 $146 ({Predecessor:} 8... d5 9. Bb2 Be7 10. Qe2 O-O 11. Rfd1 Re8 12. Rac1 cxd4 13. Nxd4 Nxd4 14. Bxd4 Ba3 {1-0 (50) Martinez,J-Beretta,H Buenos Aires 1947}) 9. Nxd4 {The position is equal.} Nxd4 10. exd4 d5 11. Nf3 dxc4 12. Bxc4 Be7 13. Bb5+ Bc6 14. Bxc6+ Rxc6 15. Bf4 O-O (15... Nd5 $5 {[%cal Rd5f4]} 16. Rc1 Rxc1 17. Bxc1 O-O $15) 16. Rc1 Qd5 17. Rxc6 Qxc6 18. Qc1 Qb7 $36 {[%mdl 2048] Black fights for an advantage.} 19. Qb1 Nd5 {[%cal Bf6d5,Bd5c3,Bc3e2][%mdl 32]} 20. Be5 (20. Bd2 $15) 20... Rc8 $17 21. a4 Qa6 22. h3 Nc3 23. Qa1 Bb4 ({Black should try} 23... f6 24. Bg3 Qd3) 24. Kh2 f6 25. Bg3 Ne2 26. Rd1 Qb7 27. Qb2 (27. Ng1 $17 Bc3 28. Qa2 Nxd4 29. Ne2) 27... Qe4 $19 28. Qb1 Nxg3 29. fxg3 Qxb1 30. Rxb1 {[%mdl 4096] Endgame KRB-KRN} Bd6 31. Re1 (31. Nd2 $17 {was necessary.}) 31... Kf7 32. Re3 Ke7 33. Rd3 (33. Nd2 {is the only way for White.}) 33... Rc1 34. Ng1 (34. h4 {is a better defense.}) 34... e5 35. dxe5 fxe5 {[%cal Bf6e5,Be5e4][%mdl 32]} 36. Ne2 {[#]} (36. Nf3 $17 {keeps fighting.}) 36... Re1 $1 {[%cal Re1e2]} 37. Nc3 Ke6 38. Nb5 {[#]} Bc5 $1 39. g4 (39. h4 $142) 39... e4 40. Rd8 g5 (40... Bg1+ $142 41. Kg3 g5 42. Nd4+ Ke7) 41. Kg3 $2 (41. Nd4+ {might work better.} Kf7 42. b4 Bxb4 43. Rd7+ Kf6 44. Nc2) 41... Bg1 {[%cal Re1e3]} 42. Nd4+ Ke7 ({Stronger than} 42... Bxd4 43. Rxd4 a5 44. Kf2 $15) 43. Nc2 $2 (43. Rd5 Re3+ 44. Nf3 exf3 45. gxf3) 43... Rb1 {Precision: White = 23%, Black = 63%.} 0-1

[Event "5th Pontevedra Open 2017"]
[Site "Pontevedra"]
[Date "2017.08.08"]
[Round "1"]
[White "Vicient Calvo, Ramon"]
[Black "Petkov, Vladimir"]
[Result "0-1"]
[WhiteElo "2048"]
[BlackElo "2498"]
[Annotator "TA"]
[PlyCount "52"]
[EventDate "2017.??.??"]
[EventCountry "ESP"]
[SourceTitle "playchess.com"]
[Source "ChessBase"]
[SourceQuality "1"]

{[%evp 21,52,28,33,0,36,15,35,35,59,46,62,57,48,52,51,2,5,12,37,47,80,14,20,25,22,9,18,-17,0,-516,-473,-813,-774]} 1. d4 Nf6 2. Bg5 g6 3. Bxf6 exf6 4. e3 Bg7 5. c4 f5 6. Nc3 O-O 7. g3 d6 8. Nge2 Nd7 9. Bg2 c6 10. O-O Re8 11. b4 Nf6 12. Nf4 {A45: Trompowsky Attack} Ne4 13. Qd3 {[%cal Rc3e4]} Qe7 14. Rab1 $146 {White is slightly better.} a6 15. a4 Bd7 16. Rfc1 g5 17. Nfe2 h5 {[%cal Bh7h5,Bh5h4,Bh4h3][%mdl 32]} 18. b5 axb5 19. axb5 h4 20. bxc6 Bxc6 21. d5 (21. gxh4 $16 gxh4 22. Bxe4 fxe4 23. Qd1) 21... Nc5 22. Qxf5 Bd7 23. Qc2 h3 (23... Bxc3 $5 24. Nxc3 (24. Qxc3 Ra2 $16) 24... h3 $16) 24. Bh1 Ra3 (24... Bxc3 $5 25. Nxc3 (25. Qxc3 Bf5 $11) 25... Qe5 $11) 25. Nb5 $2 {[%mdl 8192]} (25. Ra1 $11 Ba4 26. Qf5) 25... Bxb5 $19 26. Rxb5 {[#]} (26. cxb5 $142 Rxe3 27. fxe3 Qxe3+ 28. Kf1) 26... Rxe3 $1 {[%mdl 512] Precision: White = 42%, Black = 29%.} 0-1

[Event "5th Pontevedra Open 2017"]
[Site "Pontevedra"]
[Date "2017.08.08"]
[Round "1"]
[White "Lopez de Turiso, Jose Angel"]
[Black "Pap, Misa"]
[Result "0-1"]
[WhiteElo "2035"]
[BlackElo "2491"]
[Annotator "TA"]
[PlyCount "88"]
[EventDate "2017.??.??"]
[EventCountry "ESP"]
[SourceTitle "playchess.com"]
[Source "ChessBase"]
[SourceQuality "1"]

{[%evp 14,88,68,39,53,30,32,43,35,21,29,-1,29,31,31,-18,17,20,20,25,31,-16,-25,-25,-25,-25,-26,-25,-28,-80,-89,-105,-88,-101,-86,-123,-114,-106,-58,-52,-54,-62,-27,-26,0,0,0,-13,-34,-28,0,0,0,0,0,0,0,-13,-16,-930,-256,-361,-372,-812,-783,-1393,-761,-793,-391,-29992,-29993,-29990,-1397,-29991,-29992,-29997,-29998]} 1. c4 e5 2. Nc3 Nf6 3. Nf3 Nc6 4. e3 d6 5. d4 Be7 6. d5 {A28: English Opening: Four Knights Variation} (6. h3 O-O 7. d5 Nb8 8. g4 a5 9. e4 Na6 10. Be3 b6 11. Be2 Kh8 12. Qc2 Ng8 13. O-O-O g6 {1-0 (74) Lubbe,N (2506)-Degtiarev,E (2411) Germany 2016}) 6... Nb8 7. e4 O-O 8. Be2 {LiveBook: 4 Games. White is slightly better.} Na6 9. O-O Nc5 10. Qc2 a5 11. Be3 b6 12. Nd2 Ne8 $146 ({Predecessor:} 12... Nfd7 13. Nb5 Bf6 14. b3 {½-½ (51) Zavadil,M (2124)-Novotny,J (2130) Czechia 2012}) 13. a3 f5 14. f3 a4 (14... f4 $5 {[%cal Rf4e3]} 15. Bf2 Nd7 $11) 15. Bxc5 bxc5 16. exf5 Bg5 17. Nd1 Bxf5 18. Bd3 Bxd3 19. Qxd3 Bxd2 20. Qxd2 Qh4 21. Rc1 (21. Qe2 $11) 21... Qd4+ $17 22. Qf2 Rb8 23. Re1 Nf6 {[%cal Be8f6,Bf6d7,Bd7b6][%mdl 32]} 24. Rc2 Rb3 25. Kh1 Nd7 26. Qe2 $1 Nb6 27. Nf2 $1 Qh4 28. Ne4 Nd7 29. Nc3 Rf6 30. Nxa4 (30. g3 $5 {[%cal Rg3h4]} Qh5 31. Kg2 $11) 30... Rh6 {[%csl Gh6][%cal Rh4h2]} 31. h3 Rxf3 32. Qxf3 Qxe1+ 33. Kh2 Rf6 34. Qe2 $1 {[%cal Re2e1]} Qa1 $36 {[%mdl 2048] Black has the initiative.} 35. Nc3 (35. Qg4 $5 {[%cal Rg4d7]} Nf8 36. Nc3 $11) 35... Rf1 36. Nb5 $2 {[%mdl 8192] [#]} (36. Ne4 $11) 36... Rh1+ $2 (36... h5 $1 {[%mdl 512]} 37. Kg3 (37. Qxh5 Qe1) 37... Nf6 38. Nxd6 cxd6) 37. Kg3 $19 Nf6 {And now ...Qg1 would win.} 38. Rc3 $2 (38. Nc3 Qg1 39. Kf3) 38... Re1 39. Qc2 Ne4+ 40. Kh4 Rf1 (40... Nxc3 $142 41. Nxc3 Rf1) 41. Re3 $2 {[#]} (41. Qxe4 $19 Rf4+ 42. Qxf4 exf4 43. Kg4) 41... Rf4+ 42. g4 g5+ 43. Kh5 Qf1 44. Rxe4 Qxh3+ {Precision: White = 38%, Black = 67%.} 0-1

[Event "5th Pontevedra Open 2017"]
[Site "Pontevedra"]
[Date "2017.08.08"]
[Round "1"]
[White "Fernandez Lopez, Ruben"]
[Black "Pena Gomez, Manuel"]
[Result "0-1"]
[WhiteElo "2030"]
[BlackElo "2468"]
[Annotator "TA"]
[PlyCount "66"]
[EventDate "2017.??.??"]
[EventCountry "ESP"]
[SourceTitle "playchess.com"]
[Source "ChessBase"]
[SourceQuality "1"]

{[%evp 9,66,10,41,-7,-6,-8,-22,-20,-17,-4,-7,-13,-3,-34,-24,-10,-15,-43,-37,-34,-33,-35,-40,-86,-85,-87,-85,-92,-91,-81,-90,-88,-91,-94,-79,26,-87,-100,-104,-104,-110,-127,-129,-385,-384,-379,-379,-383,-383,-558,-555,-558,-556,-600,-591,-582,-561,-1517,-1259]} 1. e4 c5 2. Nc3 e6 3. Nf3 Nc6 4. d4 cxd4 5. Nxd4 Qc7 6. Nde2 {B47: Sicilian: Taimanov: 5 Nc3 Qc7 6 f4, 6 g3 and 6 Be2} (6. Ndb5 $5 {[%cal Rb5c7]} Qb8 7. Be2 $14) (6. Be3 a6 7. Qd2 Nf6 8. O-O-O Be7 9. f4 b5 10. e5 b4 11. exf6 bxc3 12. Qxc3 Bxf6 13. g4 h6 14. h4 Bb7 15. Rh2 Rc8 16. Qd2 Nxd4 17. Bxd4 Bxd4 18. Qxd4 {½-½ (49) Jakovenko,D (2703)-Inarkiev,E (2707) Geneve 2017}) 6... Nf6 7. g3 b5 $146 ({Predecessor:} 7... a6 8. Bg2 b5 9. Bf4 d6 10. O-O Bb7 11. Qd2 Be7 12. a4 bxa4 13. Rxa4 O-O {1-0 (43) Richter,A-Marxen,P (2225) Gluecksburg 1988}) 8. a3 {The position is equal.} Rb8 9. Bg2 Be7 10. O-O O-O 11. h3 a5 12. Bf4 d6 13. Qd3 Ba6 14. a4 {[%cal Rc3b5]} Nb4 15. Qd2 bxa4 16. Rfd1 {[%cal Rf4d6]} Nd7 {[%cal Bf6d7,Bd7b6,Bb6c4][%mdl 32]} 17. Bxd6 Bxd6 18. Qxd6 Qxd6 19. Rxd6 Nb6 20. Nd4 Nc4 $1 $36 {[%csl LRb2,LRd6][%mdl 2048] Keeping White busy.} 21. Rd7 Rfd8 22. Rxd8+ Rxd8 23. Nf3 Nxb2 24. Nxa4 Nxc2 25. Ra2 Nxa4 26. Rxa4 $2 {[%mdl 8192]} (26. Rxc2 $17 {is a better defense.} h6 27. Ra2) 26... Rd1+ $19 27. Kh2 {[#]} Ra1 $1 {[%cal Ra1a4]} 28. Rxa1 Nxa1 {KBN-KBN} 29. Nd4 (29. Nd2 $142 a4 30. Nb1) 29... a4 {[%cal Ba5a4,Ba4a3,Ba3a2][%mdl 32] Black is clearly winning.} 30. e5 a3 31. Be4 a2 {...Bc4 is the strong threat.} 32. Bc2 Bc4 {Hoping for ...Nb3!} 33. Kg2 {[#]} Nb3 $1 {[%mdl 512] Precision: White = 59%, Black = 96%.} 0-1

[Event "5th Pontevedra Open 2017"]
[Site "Pontevedra"]
[Date "2017.08.09"]
[Round "2"]
[White "Yuffa, Daniil"]
[Black "Rodriguez Lopez, Rafael"]
[Result "1/2-1/2"]
[WhiteElo "2515"]
[BlackElo "2303"]
[Annotator "TA"]
[PlyCount "119"]
[EventDate "2017.??.??"]
[EventCountry "ESP"]
[SourceTitle "playchess.com"]
[Source "ChessBase"]
[SourceQuality "1"]

{[%evp 17,119,40,39,17,25,17,20,20,26,29,24,-4,-7,-34,-13,-15,-8,-17,-7,-1,-5,-24,-20,-116,-111,-124,77,-97,-97,-93,-110,-102,-103,-92,13,13,33,31,51,-20,26,36,28,23,36,18,18,18,19,19,35,35,47,55,38,41,83,83,83,83,115,36,36,36,40,36,40,0,0,0,36,36,36,36,36,0,0,0,0,0,0,0,0,0,0,0,0,0,0,0,0,0,0,0,0,0,0,0,0,0,0,0,0,0]} 1. d4 Nf6 2. c4 e6 3. g3 d5 4. Nf3 dxc4 5. Bg2 a6 6. O-O Nc6 7. Bg5 {E04: Open Catalan: 5 Nf3} Be7 8. e3 Nd5 9. Bxe7 Ncxe7 {LiveBook: 6 Games} 10. Nfd2 $146 ({Find the theoretical novelty and annotate with similar games:} 10. Ne5 b5 11. b3 cxb3 12. axb3 Bb7 13. Nd2 O-O 14. Qc1 a5 {½-½ (33) Bokar,J (2580)-Kribben,M (2651) ICCF email 2012}) 10... b5 $1 11. b3 cxb3 12. Nxb3 c6 13. N1d2 a5 {[%cal Ba6a5,Ba5a4][%mdl 32]} 14. Rc1 O-O 15. Rc5 a4 16. Nc1 Ba6 17. Re1 Qb6 18. Nd3 Rfd8 19. Qh5 Nf6 $36 {[%mdl 2048] Black has the initiative.} 20. Qh4 (20. Qd1 $11) 20... b4 $17 21. Ne5 {next Ne4 is good for White.} Rac8 $2 (21... b3 $1 $17 {stays on course. Threatens to win with ...Qb4.} 22. Ne4 Ned5 23. axb3 axb3) 22. Rb1 $2 (22. Ne4 $16 Ned5 23. Ng5) 22... Ng6 $1 {[%cal Rg6h4]} 23. Nxg6 hxg6 24. Nc4 {[#]} Bxc4 $1 25. Rxc4 c5 (25... b3 $17 26. Rxa4 b2) 26. dxc5 $11 Rxc5 {aiming for ...g5.} 27. Rbxb4 Qa5 28. Bf3 (28. Rxc5 $14 Qxc5 29. Rxa4) 28... g5 29. Rxc5 Qxc5 30. Qc4 Qf5 31. Be4 (31. Bg4 $5 {[%cal Rg4f5]} Qe5 32. Rxa4 $14) 31... Nxe4 32. Qxe4 Qxe4 33. Rxe4 {[%mdl 4096] Endgame KR-KR} a3 34. Ra4 Rd3 35. Kf1 Rc3 36. Ke1 Rc2 37. Rxa3 g4 38. Ra4 f5 {[#]} 39. Ra8+ ({White should try} 39. e4 $1 $16) 39... Kf7 $14 40. a4 {[%cal Ba2a4,Ba4a5,Ba5a6,Ba6a7][%mdl 32]} Ra2 41. a5 (41. e4 $5) 41... Kf6 42. a6 (42. e4 $5) 42... Ke5 43. Kf1 Ra1+ 44. Kg2 Ra2 45. a7 g5 {[%cal Bg7g5,Bg5g4][%mdl 32]} 46. h4 gxh3+ $1 {The position is equal.} 47. Kxh3 g4+ 48. Kh4 Ra1 49. Kg5 Ra2 50. Kg6 Ra6 51. Kh5 Ra1 52. Kg5 Ra2 53. Kh5 (53. e4 $5 Kxe4 54. Kf6 $11) 53... Ra4 54. Kh4 Ra1 55. Kg5 Ra2 56. Kg6 (56. e4 $5 Kxe4 57. Re8 Rxa7 58. Rxe6+ Kf3 59. Kxf5 $11) 56... Ra6 57. Kf7 Ra2 58. Kg7 Ra1 59. Kh6 Ra2 60. Kg6 {Precision: White = 45%, Black = 63%.} 1/2-1/2